000 00521nam a2200205Ia 4500
005 20240823025814.0
008 240823s9999||||xx |||||||||||||| ||und||
020 _a81-259-1597-4
041 _aENGLISH
082 _A004.6 P9
100 _aRajneesh Agrawal
245 0 _aData Communication and Computer Networks
250 _a1st
260 _c2009
_b"Vikas,New "
_aNew Delhi
500 _aYES
650 _aCommunication
_bComputer Science
700 _a Bharat Bhushan Ti wari
942 _cBK
999 _c187196
_d187196